Focus (Record no. 79317)

MARC details
000 -LEADER
fixed length control field 01041cab a22002295a 4500
001 - CONTROL NUMBER
control field L140662
008 - FIXED-LENGTH DATA ELEMENTS--GENERAL INFORMATION
fixed length control field 071003e20070929xxkao f s 000 0 eng d
035 ## - SYSTEM CONTROL NUMBER
System control number (Sirsi) u140662
041 0# - LANGUAGE CODE
Language code of text/sound track or separate title eng
100 1# - MAIN ENTRY--PERSONAL NAME
Personal name Cavanagh, Elaine
245 00 - TITLE STATEMENT
Title Focus
Remainder of title M25 south east
260 ## - PUBLICATION, DISTRIBUTION, ETC.
Date of publication, distribution, etc. 2007
490 ## - SERIES STATEMENT
Series statement Estates Gazette
Volume/sequential designation (0739) 29 September 2007, 131-143(8)
520 ## - SUMMARY, ETC.
Summary, etc. Reports on retail, office and industrial property market developments within the region. Retailers and developers are investing significantly in Croydon, Crawley, Bromley and Bluewater. Developers are investing in speculative commercial schemes in the area, which has traditionally been poorly served in the office market. Two large-scale warehouse developments are nearing completion, but there remains a shortage of smaller units.
590 ## - LOCAL NOTE (RLIN)
Local note KA
651 #4 - SUBJECT ADDED ENTRY--GEOGRAPHIC NAME
Geographic name South East (England)
690 ## - LOCAL SUBJECT ADDED ENTRY--TOPICAL TERM (OCLC, RLIN)
Topical term or geographic name as entry element PROPERTY-COMMERCIAL PROPERTY-COMMERCIAL PROPERTY MARKET
690 ## - LOCAL SUBJECT ADDED ENTRY--TOPICAL TERM (OCLC, RLIN)
Topical term or geographic name as entry element PROPERTY-INDUSTRIAL PROPERTY
700 1# - ADDED ENTRY--PERSONAL NAME
Personal name Taylor, Andrew
700 1# - ADDED ENTRY--PERSONAL NAME
Personal name Jack, Simon
942 ## - ADDED ENTRY ELEMENTS (KOHA)
Suppress in OPAC 0
Holdings
Withdrawn status Lost status Source of classification or shelving scheme Damaged status Not for loan Home library Current library Shelving location Date acquired Total Checkouts Full call number Barcode Date last seen Copy number Price effective from Koha item type
    Dewey Decimal Classification     London London Journal article 03/10/2007   L140662 140662-1001 06/08/2019 1 06/08/2019 Journal article